<?xml version="1.0" encoding="UTF-8"?>
<record
    xmlns:xsi="http://www.w3.org/2001/XMLSchema-instance"
    xsi:schemaLocation="http://www.loc.gov/MARC21/slim http://www.loc.gov/standards/marcxml/schema/MARC21slim.xsd"
    xmlns="http://www.loc.gov/MARC21/slim">

  <leader>00579cam a2200193   4500</leader>
  <datafield tag="999" ind1=" " ind2=" ">
    <subfield code="c">78741</subfield>
    <subfield code="d">78741</subfield>
  </datafield>
  <controlfield tag="005">20180425123111.0</controlfield>
  <controlfield tag="008">180124 1982    mx                  spa  </controlfield>
  <datafield tag="020" ind1=" " ind2=" ">
    <subfield code="a">9688006041 (v.11)</subfield>
  </datafield>
  <datafield tag="020" ind1=" " ind2=" ">
    <subfield code="a">9688006033 (v.13)</subfield>
  </datafield>
  <datafield tag="020" ind1=" " ind2=" ">
    <subfield code="a">9688006084 (v.14)</subfield>
  </datafield>
  <datafield tag="020" ind1=" " ind2=" ">
    <subfield code="a">9688005762 (v.15)</subfield>
  </datafield>
  <datafield tag="020" ind1=" " ind2=" ">
    <subfield code="a">9688005703 (v.16)</subfield>
  </datafield>
  <datafield tag="020" ind1=" " ind2=" ">
    <subfield code="a">9688005983 (v.18)</subfield>
  </datafield>
  <datafield tag="020" ind1=" " ind2=" ">
    <subfield code="a">9688005924 (v.22)</subfield>
  </datafield>
  <datafield tag="020" ind1=" " ind2=" ">
    <subfield code="a">9688006106 (v.24)</subfield>
  </datafield>
  <datafield tag="020" ind1=" " ind2=" ">
    <subfield code="a">9688005878 (v.26)</subfield>
  </datafield>
  <datafield tag="020" ind1=" " ind2=" ">
    <subfield code="a">9688005959 (v.27)</subfield>
  </datafield>
  <datafield tag="020" ind1=" " ind2=" ">
    <subfield code="a">9688005819 (v.30)</subfield>
  </datafield>
  <datafield tag="020" ind1=" " ind2=" ">
    <subfield code="a">968800619X (v.31)</subfield>
  </datafield>
  <datafield tag="020" ind1=" " ind2=" ">
    <subfield code="a">9688005886 (v.32)</subfield>
  </datafield>
  <datafield tag="020" ind1=" " ind2=" ">
    <subfield code="a">9688006130 (v.33)</subfield>
  </datafield>
  <datafield tag="020" ind1=" " ind2=" ">
    <subfield code="a">9688006122 (v.35)</subfield>
  </datafield>
  <datafield tag="020" ind1=" " ind2=" ">
    <subfield code="a">968800622X (v.36)</subfield>
  </datafield>
  <datafield tag="020" ind1=" " ind2=" ">
    <subfield code="a">9688006149 (v.37)</subfield>
  </datafield>
  <datafield tag="020" ind1=" " ind2=" ">
    <subfield code="a">9688005851 (v.38)</subfield>
  </datafield>
  <datafield tag="020" ind1=" " ind2=" ">
    <subfield code="a">9688006203 (v.39)</subfield>
  </datafield>
  <datafield tag="020" ind1=" " ind2=" ">
    <subfield code="a">9688006025 (v.40)</subfield>
  </datafield>
  <datafield tag="020" ind1=" " ind2=" ">
    <subfield code="a">9688005827 (v.44)</subfield>
  </datafield>
  <datafield tag="020" ind1=" " ind2=" ">
    <subfield code="a">9688005754 (v.45)</subfield>
  </datafield>
  <datafield tag="020" ind1=" " ind2=" ">
    <subfield code="a">9688005940 (v.46)</subfield>
  </datafield>
  <datafield tag="020" ind1=" " ind2=" ">
    <subfield code="a">9688006211 (v.47)</subfield>
  </datafield>
  <datafield tag="020" ind1=" " ind2=" ">
    <subfield code="a">9688005932 (v.48)</subfield>
  </datafield>
  <datafield tag="020" ind1=" " ind2=" ">
    <subfield code="a">9688006068 (v.49)</subfield>
  </datafield>
  <datafield tag="020" ind1=" " ind2=" ">
    <subfield code="a">9688005703 (v.50)</subfield>
  </datafield>
  <datafield tag="020" ind1=" " ind2=" ">
    <subfield code="a">9688005711 (v.51)</subfield>
  </datafield>
  <datafield tag="020" ind1=" " ind2=" ">
    <subfield code="a">9688005738 (v.53)</subfield>
  </datafield>
  <datafield tag="050" ind1="0" ind2="4">
    <subfield code="a">F1220</subfield>
    <subfield code="b">E86 1982</subfield>
  </datafield>
  <datafield tag="245" ind1="0" ind2="0">
    <subfield code="a">Etnoling&#xFC;istica </subfield>
  </datafield>
  <datafield tag="250" ind1=" " ind2=" ">
    <subfield code="a">1a ed.</subfield>
  </datafield>
  <datafield tag="260" ind1=" " ind2=" ">
    <subfield code="a">M&#xE9;xico :</subfield>
    <subfield code="b">SEP : </subfield>
    <subfield code="b">INI,</subfield>
    <subfield code="b">CIESAS,</subfield>
    <subfield code="c">1982</subfield>
  </datafield>
  <datafield tag="300" ind1=" " ind2=" ">
    <subfield code="a">59 p. ;</subfield>
    <subfield code="c">16 cm.</subfield>
  </datafield>
  <datafield tag="504" ind1=" " ind2=" ">
    <subfield code="a">Bibliograf&#xED;a</subfield>
  </datafield>
  <datafield tag="505" ind1="1" ind2="1">
    <subfield code="a">Contenido : V. 1</subfield>
    <subfield code="t">&#xBF;Qu&#xE9; somos los maestros biling&#xFC;es en el Valle del Mezquital? /</subfield>
    <subfield code="r">Gilberto Claro Moreno y Anastacio Marcelino Botho Gazpar. --</subfield>
  </datafield>
  <datafield tag="505" ind1="1" ind2="0">
    <subfield code="a">Contenido : V. 2 </subfield>
    <subfield code="t">Reflexiones sobre las causas de la diversificaci&#xF3;n dialectal y comparaci&#xF3;n de dos variantes del totonaco que se dan en la Costa y en la Sierra de Papantla, Veracruz /</subfield>
    <subfield code="r">Pablo de Luna Garc&#xED;a  --</subfield>
  </datafield>
  <datafield tag="505" ind1="1" ind2="3">
    <subfield code="a">Contenido : V. 3</subfield>
    <subfield code="t">La Perdida de la lengua otom&#xED; en San Miguel Tlazintla /</subfield>
    <subfield code="r">Victorino Vicente G&#xF3;mez Barranco --</subfield>
  </datafield>
  <datafield tag="505" ind1="1" ind2="0">
    <subfield code="a">Contenido : V. 5  </subfield>
    <subfield code="t">Descripci&#xF3;n de la sintaxis del totonaco de Papantla, Veracruz / </subfield>
    <subfield code="r">Epifanio Hern&#xE1;ndez Garc&#xED;a  --</subfield>
  </datafield>
  <datafield tag="505" ind1="1" ind2="0">
    <subfield code="a">Contenido : V. 6</subfield>
    <subfield code="t">Lealtad hacia la lengua maya / </subfield>
    <subfield code="r">Pedro C&#xE9;sar Jimenez Peraza  --</subfield>
  </datafield>
  <datafield tag="505" ind1="1" ind2="0">
    <subfield code="a">Contenido : V. 7</subfield>
    <subfield code="t">Analisis del verbo en el totonaco de la costa (regi&#xF3;n de Papantla, Ver.) /</subfield>
    <subfield code="r">Eleuterio Olarte Tiburcio --</subfield>
  </datafield>
  <datafield tag="505" ind1="1" ind2="0">
    <subfield code="a">Contenido : V. 9</subfield>
    <subfield code="t">Factores que propician el bilinguismo nauatl-espa&#xF1;ol en Zoquitlan, Puebla /  </subfield>
    <subfield code="r">Mar&#xED;a Antonia Orlanda Rojas Alta --</subfield>
  </datafield>
  <datafield tag="505" ind1="1" ind2="0">
    <subfield code="a">Contenido : V. 10</subfield>
    <subfield code="t">Gu&#xED;a para la ense&#xF1;anza del h&#xF1;ah&#xF1;u (otom&#xED;) a nivel de primaria / </subfield>
    <subfield code="r">Vicente Lara Hern&#xE1;ndez --</subfield>
  </datafield>
  <datafield tag="505" ind1="1" ind2="0">
    <subfield code="a">Contenido : V. 11</subfield>
    <subfield code="t">Analisis sintactico del mixteco de Coatzoquitengo, Gro. /</subfield>
    <subfield code="r">Vicente Paulino Casiano Franco --</subfield>
  </datafield>
  <datafield tag="505" ind1="1" ind2="3">
    <subfield code="a">Contenido : V. 13</subfield>
    <subfield code="t">El Sustantivo totonaco de la regi&#xF3;n de Papantla, ver /</subfield>
    <subfield code="r">Cirilo Ju&#xE1;rez P&#xE9;rez --</subfield>
  </datafield>
  <datafield tag="505" ind1="1" ind2="0">
    <subfield code="a">Contenido : V. 14</subfield>
    <subfield code="t">Tlajtlachilistli tlen kenijkatsa monejnemiltia ome kaltlamachtilistli ipan Kuatsapotitla nechikolchinantli tlen tlatilantli Chikontepek altepetl uan tlatskitok ipan Veracruz tlali. :
An&#xE1;lisis comparativo de las dos escuelas que funcionan en la congregaci&#xF3;n de Cuatzapotitla perteneciente al municipio de Chicontepec del Estado de Veracruz / </subfield>
    <subfield code="r">Joel Mart&#xED;nez Hern&#xE1;ndez --</subfield>
  </datafield>
  <datafield tag="505" ind1="1" ind2="0">
    <subfield code="a">Contenido : V. 15</subfield>
    <subfield code="t">U Tsikbalil le ba'ate'el &#xFA;uch tu ja' abil 1847 bey tsikbata'abik ten tumen le nojoch m&#xE1;ako'obo' /</subfield>
    <subfield code="r">Genaro Pool Jim&#xE9;nez --</subfield>
  </datafield>
  <datafield tag="505" ind1="1" ind2="0">
    <subfield code="a">Contenido : V. 16</subfield>
    <subfield code="t">An&#xE1;lisis morfosintactico del constituyente nominal en el totonaco de Caxhuacan, Pue. /</subfield>
    <subfield code="r">Amador Hern&#xE1;ndez Carmona --</subfield>
  </datafield>
  <datafield tag="505" ind1="1" ind2="0">
    <subfield code="a">Contenido : V. 18 </subfield>
    <subfield code="t">Ra nthahai 'ne ra 'mefi ha ra mhunts 'am'uiga nahnu ndast'oho /</subfield>
    <subfield code="r">Diego Olgu&#xED;n Mezquite --</subfield>
  </datafield>
  <datafield tag="505" ind1="1" ind2="3">
    <subfield code="a">Contenido : V. 22  </subfield>
    <subfield code="t">El Campesino maya deTeabo, Yucatan /  </subfield>
    <subfield code="r">Jos&#xE9; Javier Gonz&#xE1;lez Puc --</subfield>
  </datafield>
  <datafield tag="505" ind1="1" ind2="3">
    <subfield code="a">Contenido : V. 24 </subfield>
    <subfield code="t">La Persistencia de la lengua y cultura p'urhepecha frente a la educaci&#xF3;n escolar / </subfield>
    <subfield code="r">Mar&#xED;a de la Luz Valentinez Bernab&#xE9; --</subfield>
  </datafield>
  <datafield tag="505" ind1="1" ind2="3">
    <subfield code="a">Contenido : V. 26 </subfield>
    <subfield code="t">La Penetraci&#xF3;n del sistema capitalista y sus consecuencias en la tenencia de la tierra en una parte de la sierra purepecha /</subfield>
    <subfield code="r">Pedro Marquez Joaqu&#xED;n --</subfield>
  </datafield>
  <datafield tag="505" ind1="1" ind2="0">
    <subfield code="a">Contenido : V. 27</subfield>
    <subfield code="t">Medio siglo de resistencia armada maya : fuentes documentales /</subfield>
    <subfield code="r">Mar&#xED;a Bonifacia Chi Poot --</subfield>
  </datafield>
  <datafield tag="505" ind1="1" ind2="3">
    <subfield code="a">Contenido : V. 30</subfield>
    <subfield code="t">Le Cha'o yeetel le maya'ob way ti' Quintana Roo /</subfield>
    <subfield code="r">Juventino Poot Canul --</subfield>
  </datafield>
  <datafield tag="505" ind1="1" ind2="3">
    <subfield code="a">Contenido : V. 31</subfield>
    <subfield code="t">La Solidaridad social como base de la resistencia a partir del intercambio (Gwzon) /</subfield>
    <subfield code="r">Oscar Alvaro Cruz D&#xED;az --</subfield>
  </datafield>
  <datafield tag="505" ind1="1" ind2="3">
    <subfield code="a">Contenido : V. 32 </subfield>
    <subfield code="t">La Tierra y unidad familiar /</subfield>
    <subfield code="r">Gregorio Guerrero D&#xED;az --</subfield>
  </datafield>
  <datafield tag="505" ind1="1" ind2="4">
    <subfield code="a">Contenido : V. 33 </subfield>
    <subfield code="t">Los Mayas en la pol&#xED;tica, a trav&#xE9;s de Chichimilah, Yucat&#xE1;n /</subfield>
    <subfield code="r">Bartolome Alonso Caamal -- </subfield>
  </datafield>
  <datafield tag="505" ind1="1" ind2="3">
    <subfield code="a">Contenido : V. 35 </subfield>
    <subfield code="t">La Religi&#xF3;n maya (cosmogonica) frente a la religi&#xF3;n cristiana (antropocentrica) /</subfield>
    <subfield code="r">Juan Antonio Alonso D&#xED;az --</subfield>
  </datafield>
  <datafield tag="505" ind1="1" ind2="0">
    <subfield code="a">Contenido : V. 36</subfield>
    <subfield code="t">Evangelicos otomies de Ixmiquilpan, Hgo /</subfield>
    <subfield code="r">Lazara Mendoza Meza --</subfield>
  </datafield>
  <datafield tag="505" ind1="1" ind2="3">
    <subfield code="a">Contenido : V. 37</subfield>
    <subfield code="t">El Campesino maya y su econom&#xED;a a partir de la comunidad de Yalcoba, Yuc. /</subfield>
    <subfield code="r">Santiago Arellano Tuz --</subfield>
  </datafield>
  <datafield tag="505" ind1="1" ind2="4">
    <subfield code="a">Contenido : V. 38 </subfield>
    <subfield code="t">Los Ni&#xF1;os monolingues zapotecas ante la educaci&#xF3;n primaria /</subfield>
    <subfield code="r">Florinda Luis Orozco -- </subfield>
  </datafield>
  <datafield tag="505" ind1="1" ind2="3">
    <subfield code="a">Contenido : V. 39 </subfield>
    <subfield code="t">La Comunidad civico-religiosa y el poder pol&#xED;tico mestizo en Atempan, Pue. /</subfield>
    <subfield code="r">Jos&#xE9; Francisco Tomas Flores Candelaria --</subfield>
  </datafield>
  <datafield tag="505" ind1="1" ind2="3">
    <subfield code="a">Contenido : V. 40</subfield>
    <subfield code="t">La Tierra y los artesanos de Huancito, Mich. /</subfield>
    <subfield code="r">Jorge Antonio Joaqu&#xED;n --</subfield>
  </datafield>
  <datafield tag="505" ind1="1" ind2="0">
    <subfield code="a">Contenido : V. 44 </subfield>
    <subfield code="t">Historia y problemas agrarios de el Ixtle, Huautla, Hgo. /</subfield>
    <subfield code="r">Refugio Miranda San Rom&#xE1;n -- </subfield>
  </datafield>
  <datafield tag="505" ind1="1" ind2="3">
    <subfield code="a">Contenido : V. 45</subfield>
    <subfield code="t">La Comunidad ind&#xED;gena de Tlacolula Veracruz: La tierra y sus problemas /</subfield>
    <subfield code="r">Rosa Reyes Mart&#xED;nez -- </subfield>
  </datafield>
  <datafield tag="505" ind1="1" ind2="0">
    <subfield code="a">Contenido : V. 46</subfield>
    <subfield code="t">Relaciones pol&#xED;ticas entre ind&#xED;genas y mestizos en Xochiatipan, Hgo. /</subfield>
    <subfield code="r">Joaqu&#xED;n Romualdo Hern&#xE1;ndez --</subfield>
  </datafield>
  <datafield tag="505" ind1="1" ind2="0">
    <subfield code="a">Contenido : V. 47 </subfield>
    <subfield code="t">Clases sociales y grupos etnicos en la poblaci&#xF3;n de San Juan Mixtepec /</subfield>
    <subfield code="r">Marcos Abrahan Cruz Bautista --</subfield>
  </datafield>
  <datafield tag="505" ind1="1" ind2="3">
    <subfield code="a">Contenido : V. 48</subfield>
    <subfield code="t">La Tierra y sus problemas en la comunidad de Yahuitlalpan, Zautla, Pue. /  </subfield>
    <subfield code="r">Agust&#xED;n S&#xE1;nchez Vega -- </subfield>
  </datafield>
  <datafield tag="505" ind1="1" ind2="0">
    <subfield code="a">Contenido : V. 49</subfield>
    <subfield code="t">Clases sociales y grupos &#xE9;tnicos en San Antonio Huitepec, Oaxaca /</subfield>
    <subfield code="r">Gabriel Caballero Morales --</subfield>
  </datafield>
  <datafield tag="505" ind1="1" ind2="0">
    <subfield code="a">Contenido : V. 50</subfield>
    <subfield code="t">An&#xE1;lisis morfosintactico del constituyente nominal del mixteco de Santa Mar&#xED;a Yucuhitl, Oax. /</subfield>
    <subfield code="r">Pedro Constancio Ort&#xED;z L&#xF3;pez -- </subfield>
  </datafield>
  <datafield tag="505" ind1="1" ind2="3">
    <subfield code="a">Contenido : V. 51</subfield>
    <subfield code="t">La Religi&#xF3;n naua en Texoloc, municipio de Xochiatipan, Hgo. /</subfield>
    <subfield code="r">Rosendo Hern&#xE1;ndez Cuellar --</subfield>
  </datafield>
  <datafield tag="505" ind1="1" ind2="0">
    <subfield code="a">Contenido : V. 53 </subfield>
    <subfield code="t">Descripci&#xF3;n del constituyente nominal del Zapoteco de Juchitan libre, Oax. /</subfield>
    <subfield code="r">Roberto de la Cruz Jimenez --</subfield>
  </datafield>
  <datafield tag="505" ind1="1" ind2="4">
    <subfield code="a">Contenido : V. 54</subfield>
    <subfield code="t">"La Educaci&#xF3;n ind&#xED;gena en la educaci&#xF3;n nacional" /</subfield>
    <subfield code="r">Ram&#xF3;n Hern&#xE1;ndez L&#xF3;pez --</subfield>
  </datafield>
  <datafield tag="505" ind1="1" ind2="0">
    <subfield code="a">Contenido : V. 55 </subfield>
    <subfield code="t">Tamakxtumilhuuatachiuin tu'tunakuj - talauua'n : Diccionario totonaco - espa&#xF1;ol /</subfield>
    <subfield code="r">Arturo Allende Tellez, Santiago Ram&#xED;rez Hern&#xE1;ndez.</subfield>
  </datafield>
  <datafield tag="650" ind1=" " ind2="7">
    <subfield code="2">LEMB</subfield>
    <subfield code="a">Indios de M&#xE9;xico</subfield>
    <subfield code="x">Educaci&#xF3;n</subfield>
  </datafield>
  <datafield tag="650" ind1=" " ind2="7">
    <subfield code="2">LEMB</subfield>
    <subfield code="a">Indios de M&#xE9;xico</subfield>
    <subfield code="x">Pueblos</subfield>
  </datafield>
  <datafield tag="651" ind1=" " ind2="7">
    <subfield code="2">LEMB</subfield>
    <subfield code="a">M&#xE9;xico</subfield>
    <subfield code="x">Antig&#xFC;edades</subfield>
  </datafield>
  <datafield tag="942" ind1=" " ind2=" ">
    <subfield code="2">lcc</subfield>
    <subfield code="c">LIB</subfield>
  </datafield>
  <datafield tag="952" ind1=" " ind2=" ">
    <subfield code="1">0</subfield>
    <subfield code="2">lcc</subfield>
    <subfield code="4">0</subfield>
    <subfield code="7">0</subfield>
    <subfield code="a">INV-033</subfield>
    <subfield code="b">INV-033</subfield>
    <subfield code="c">GENERAL</subfield>
    <subfield code="d">2017-05-04</subfield>
    <subfield code="f">1a ed.</subfield>
    <subfield code="i">H</subfield>
    <subfield code="k">CSA</subfield>
    <subfield code="o">F1220 E86 1982 V. 1</subfield>
    <subfield code="p">IIH000017371</subfield>
    <subfield code="r">2017-05-04 00:00:00</subfield>
    <subfield code="t">C:1</subfield>
    <subfield code="y">LIB</subfield>
  </datafield>
  <datafield tag="952" ind1=" " ind2=" ">
    <subfield code="1">0</subfield>
    <subfield code="2">lcc</subfield>
    <subfield code="4">0</subfield>
    <subfield code="7">0</subfield>
    <subfield code="a">INV-033</subfield>
    <subfield code="b">INV-033</subfield>
    <subfield code="c">GENERAL</subfield>
    <subfield code="d">2017-05-04</subfield>
    <subfield code="f">1a ed.</subfield>
    <subfield code="i">H</subfield>
    <subfield code="k">CSA</subfield>
    <subfield code="o">F1220 E85 1982 V. 2</subfield>
    <subfield code="p">IIH000017372</subfield>
    <subfield code="r">2017-05-04 00:00:00</subfield>
    <subfield code="t">C:1</subfield>
    <subfield code="y">LIB</subfield>
  </datafield>
  <datafield tag="952" ind1=" " ind2=" ">
    <subfield code="1">0</subfield>
    <subfield code="2">lcc</subfield>
    <subfield code="4">0</subfield>
    <subfield code="7">0</subfield>
    <subfield code="a">INV-033</subfield>
    <subfield code="b">INV-033</subfield>
    <subfield code="c">GENERAL</subfield>
    <subfield code="d">2017-05-04</subfield>
    <subfield code="f">1a ed.</subfield>
    <subfield code="i">H</subfield>
    <subfield code="k">CSA</subfield>
    <subfield code="o">F1220 E85 1982 V. 3</subfield>
    <subfield code="p">IIH000017373</subfield>
    <subfield code="r">2017-05-04 00:00:00</subfield>
    <subfield code="t">C:1</subfield>
    <subfield code="y">LIB</subfield>
  </datafield>
  <datafield tag="952" ind1=" " ind2=" ">
    <subfield code="1">0</subfield>
    <subfield code="2">lcc</subfield>
    <subfield code="4">0</subfield>
    <subfield code="7">0</subfield>
    <subfield code="a">INV-033</subfield>
    <subfield code="b">INV-033</subfield>
    <subfield code="c">GENERAL</subfield>
    <subfield code="d">2017-05-04</subfield>
    <subfield code="f">1a ed.</subfield>
    <subfield code="i">H</subfield>
    <subfield code="k">CSA</subfield>
    <subfield code="o">F1220 E85 1982 V. 5</subfield>
    <subfield code="p">IIH000017374</subfield>
    <subfield code="r">2017-05-04 00:00:00</subfield>
    <subfield code="t">C:1</subfield>
    <subfield code="y">LIB</subfield>
  </datafield>
  <datafield tag="952" ind1=" " ind2=" ">
    <subfield code="1">0</subfield>
    <subfield code="2">lcc</subfield>
    <subfield code="4">0</subfield>
    <subfield code="7">0</subfield>
    <subfield code="a">INV-033</subfield>
    <subfield code="b">INV-033</subfield>
    <subfield code="c">GENERAL</subfield>
    <subfield code="d">2017-05-04</subfield>
    <subfield code="f">1a ed.</subfield>
    <subfield code="i">H</subfield>
    <subfield code="k">CSA</subfield>
    <subfield code="o">F1220 E85 1982 V. 6</subfield>
    <subfield code="p">IIH000017375</subfield>
    <subfield code="r">2017-05-04 00:00:00</subfield>
    <subfield code="t">C:1</subfield>
    <subfield code="y">LIB</subfield>
  </datafield>
  <datafield tag="952" ind1=" " ind2=" ">
    <subfield code="1">0</subfield>
    <subfield code="2">lcc</subfield>
    <subfield code="4">0</subfield>
    <subfield code="7">0</subfield>
    <subfield code="a">INV-033</subfield>
    <subfield code="b">INV-033</subfield>
    <subfield code="c">GENERAL</subfield>
    <subfield code="d">2017-05-04</subfield>
    <subfield code="f">1a ed.</subfield>
    <subfield code="i">H</subfield>
    <subfield code="k">CSA</subfield>
    <subfield code="o">F1220 E85 1982 V. 7</subfield>
    <subfield code="p">IIH000017376</subfield>
    <subfield code="r">2017-05-04 00:00:00</subfield>
    <subfield code="t">C:1</subfield>
    <subfield code="y">LIB</subfield>
  </datafield>
  <datafield tag="952" ind1=" " ind2=" ">
    <subfield code="1">0</subfield>
    <subfield code="2">lcc</subfield>
    <subfield code="4">0</subfield>
    <subfield code="7">0</subfield>
    <subfield code="a">INV-033</subfield>
    <subfield code="b">INV-033</subfield>
    <subfield code="c">GENERAL</subfield>
    <subfield code="d">2017-05-04</subfield>
    <subfield code="f">1a ed.</subfield>
    <subfield code="i">H</subfield>
    <subfield code="k">CSA</subfield>
    <subfield code="o">F1220 E85 1982 V. 9</subfield>
    <subfield code="p">IIH000017377</subfield>
    <subfield code="r">2017-05-04 00:00:00</subfield>
    <subfield code="t">C:1</subfield>
    <subfield code="y">LIB</subfield>
  </datafield>
  <datafield tag="952" ind1=" " ind2=" ">
    <subfield code="1">0</subfield>
    <subfield code="2">lcc</subfield>
    <subfield code="4">0</subfield>
    <subfield code="7">0</subfield>
    <subfield code="a">INV-033</subfield>
    <subfield code="b">INV-033</subfield>
    <subfield code="c">GENERAL</subfield>
    <subfield code="d">2017-05-04</subfield>
    <subfield code="f">1a ed.</subfield>
    <subfield code="i">H</subfield>
    <subfield code="k">CSA</subfield>
    <subfield code="o">F1220 E85 1982 V. 10</subfield>
    <subfield code="p">IIH000017378</subfield>
    <subfield code="r">2017-05-04 00:00:00</subfield>
    <subfield code="t">C:1</subfield>
    <subfield code="y">LIB</subfield>
  </datafield>
  <datafield tag="952" ind1=" " ind2=" ">
    <subfield code="1">0</subfield>
    <subfield code="2">lcc</subfield>
    <subfield code="4">0</subfield>
    <subfield code="7">0</subfield>
    <subfield code="a">INV-033</subfield>
    <subfield code="b">INV-033</subfield>
    <subfield code="c">GENERAL</subfield>
    <subfield code="d">2017-05-04</subfield>
    <subfield code="f">1a ed.</subfield>
    <subfield code="i">H</subfield>
    <subfield code="k">CSA</subfield>
    <subfield code="o">F1220 E85 1982 V. 11</subfield>
    <subfield code="p">IIH000017379</subfield>
    <subfield code="r">2017-05-04 00:00:00</subfield>
    <subfield code="t">C:1</subfield>
    <subfield code="y">LIB</subfield>
  </datafield>
  <datafield tag="952" ind1=" " ind2=" ">
    <subfield code="1">0</subfield>
    <subfield code="2">lcc</subfield>
    <subfield code="4">0</subfield>
    <subfield code="7">0</subfield>
    <subfield code="a">INV-033</subfield>
    <subfield code="b">INV-033</subfield>
    <subfield code="c">GENERAL</subfield>
    <subfield code="d">2017-05-04</subfield>
    <subfield code="f">1a ed.</subfield>
    <subfield code="i">H</subfield>
    <subfield code="k">CSA</subfield>
    <subfield code="o">F1220 E85 1982 V. 13</subfield>
    <subfield code="p">IIH000017380</subfield>
    <subfield code="r">2017-05-04 00:00:00</subfield>
    <subfield code="t">C:1</subfield>
    <subfield code="y">LIB</subfield>
  </datafield>
  <datafield tag="952" ind1=" " ind2=" ">
    <subfield code="1">0</subfield>
    <subfield code="2">lcc</subfield>
    <subfield code="4">0</subfield>
    <subfield code="7">0</subfield>
    <subfield code="a">INV-033</subfield>
    <subfield code="b">INV-033</subfield>
    <subfield code="c">GENERAL</subfield>
    <subfield code="d">2017-05-04</subfield>
    <subfield code="f">1a ed.</subfield>
    <subfield code="i">H</subfield>
    <subfield code="k">CSA</subfield>
    <subfield code="o">F1220 E85 1982 V. 14</subfield>
    <subfield code="p">IIH000017381</subfield>
    <subfield code="r">2017-05-04 00:00:00</subfield>
    <subfield code="t">C:1</subfield>
    <subfield code="y">LIB</subfield>
  </datafield>
  <datafield tag="952" ind1=" " ind2=" ">
    <subfield code="1">0</subfield>
    <subfield code="2">lcc</subfield>
    <subfield code="4">0</subfield>
    <subfield code="7">0</subfield>
    <subfield code="a">INV-033</subfield>
    <subfield code="b">INV-033</subfield>
    <subfield code="c">GENERAL</subfield>
    <subfield code="d">2017-05-04</subfield>
    <subfield code="f">1a ed.</subfield>
    <subfield code="i">H</subfield>
    <subfield code="k">CSA</subfield>
    <subfield code="o">F1220 E85 1982 V. 15</subfield>
    <subfield code="p">IIH000017382</subfield>
    <subfield code="r">2017-05-04 00:00:00</subfield>
    <subfield code="t">C:1</subfield>
    <subfield code="y">LIB</subfield>
  </datafield>
  <datafield tag="952" ind1=" " ind2=" ">
    <subfield code="1">0</subfield>
    <subfield code="2">lcc</subfield>
    <subfield code="4">0</subfield>
    <subfield code="7">0</subfield>
    <subfield code="a">INV-033</subfield>
    <subfield code="b">INV-033</subfield>
    <subfield code="c">GENERAL</subfield>
    <subfield code="d">2017-05-04</subfield>
    <subfield code="f">1a ed.</subfield>
    <subfield code="i">H</subfield>
    <subfield code="k">CSA</subfield>
    <subfield code="o">F1220 E85 1982 V. 16</subfield>
    <subfield code="p">IIH000017383</subfield>
    <subfield code="r">2017-05-04 00:00:00</subfield>
    <subfield code="t">C:1</subfield>
    <subfield code="y">LIB</subfield>
  </datafield>
  <datafield tag="952" ind1=" " ind2=" ">
    <subfield code="1">0</subfield>
    <subfield code="2">lcc</subfield>
    <subfield code="4">0</subfield>
    <subfield code="7">0</subfield>
    <subfield code="a">INV-033</subfield>
    <subfield code="b">INV-033</subfield>
    <subfield code="c">GENERAL</subfield>
    <subfield code="d">2017-05-04</subfield>
    <subfield code="f">1a ed.</subfield>
    <subfield code="i">H</subfield>
    <subfield code="k">CSA</subfield>
    <subfield code="o">F1220 E85 1982 V. 18</subfield>
    <subfield code="p">IIH000017384</subfield>
    <subfield code="r">2017-05-04 00:00:00</subfield>
    <subfield code="t">C:1</subfield>
    <subfield code="y">LIB</subfield>
  </datafield>
  <datafield tag="952" ind1=" " ind2=" ">
    <subfield code="1">0</subfield>
    <subfield code="2">lcc</subfield>
    <subfield code="4">0</subfield>
    <subfield code="7">0</subfield>
    <subfield code="a">INV-033</subfield>
    <subfield code="b">INV-033</subfield>
    <subfield code="c">GENERAL</subfield>
    <subfield code="d">2017-05-04</subfield>
    <subfield code="f">1a ed.</subfield>
    <subfield code="i">H</subfield>
    <subfield code="k">CSA</subfield>
    <subfield code="o">F1220 E85 1982 V. 22</subfield>
    <subfield code="p">IIH000017385</subfield>
    <subfield code="r">2017-05-04 00:00:00</subfield>
    <subfield code="t">C:1</subfield>
    <subfield code="y">LIB</subfield>
  </datafield>
  <datafield tag="952" ind1=" " ind2=" ">
    <subfield code="1">0</subfield>
    <subfield code="2">lcc</subfield>
    <subfield code="4">0</subfield>
    <subfield code="7">0</subfield>
    <subfield code="a">INV-033</subfield>
    <subfield code="b">INV-033</subfield>
    <subfield code="c">GENERAL</subfield>
    <subfield code="d">2017-05-04</subfield>
    <subfield code="f">1a ed.</subfield>
    <subfield code="i">H</subfield>
    <subfield code="k">CSA</subfield>
    <subfield code="o">F1220 E85 1982 V. 24</subfield>
    <subfield code="p">IIH000011974</subfield>
    <subfield code="r">2017-05-04 00:00:00</subfield>
    <subfield code="t">C:1</subfield>
    <subfield code="y">LIB</subfield>
  </datafield>
  <datafield tag="952" ind1=" " ind2=" ">
    <subfield code="1">0</subfield>
    <subfield code="2">lcc</subfield>
    <subfield code="4">0</subfield>
    <subfield code="7">0</subfield>
    <subfield code="a">INV-033</subfield>
    <subfield code="b">INV-033</subfield>
    <subfield code="c">GENERAL</subfield>
    <subfield code="d">2017-05-04</subfield>
    <subfield code="f">1a ed.</subfield>
    <subfield code="i">H</subfield>
    <subfield code="k">CSA</subfield>
    <subfield code="o">F1220 E85 1982 V. 26</subfield>
    <subfield code="p">IIH000011975</subfield>
    <subfield code="r">2017-05-04 00:00:00</subfield>
    <subfield code="t">C:1</subfield>
    <subfield code="y">LIB</subfield>
  </datafield>
  <datafield tag="952" ind1=" " ind2=" ">
    <subfield code="1">0</subfield>
    <subfield code="2">lcc</subfield>
    <subfield code="4">0</subfield>
    <subfield code="7">0</subfield>
    <subfield code="a">INV-033</subfield>
    <subfield code="b">INV-033</subfield>
    <subfield code="c">GENERAL</subfield>
    <subfield code="d">2017-05-04</subfield>
    <subfield code="f">1a ed.</subfield>
    <subfield code="i">H</subfield>
    <subfield code="k">CSA</subfield>
    <subfield code="o">F1220 E85 1982 V. 27</subfield>
    <subfield code="p">IIH000017386</subfield>
    <subfield code="r">2017-05-04 00:00:00</subfield>
    <subfield code="t">C:1</subfield>
    <subfield code="y">LIB</subfield>
  </datafield>
  <datafield tag="952" ind1=" " ind2=" ">
    <subfield code="1">0</subfield>
    <subfield code="2">lcc</subfield>
    <subfield code="4">0</subfield>
    <subfield code="7">0</subfield>
    <subfield code="a">INV-033</subfield>
    <subfield code="b">INV-033</subfield>
    <subfield code="c">GENERAL</subfield>
    <subfield code="d">2017-05-04</subfield>
    <subfield code="f">1a ed.</subfield>
    <subfield code="i">H</subfield>
    <subfield code="k">CSA</subfield>
    <subfield code="o">F1220 E85 1982 V. 30</subfield>
    <subfield code="p">IIH000017387</subfield>
    <subfield code="r">2017-05-04 00:00:00</subfield>
    <subfield code="t">C:1</subfield>
    <subfield code="y">LIB</subfield>
  </datafield>
  <datafield tag="952" ind1=" " ind2=" ">
    <subfield code="1">0</subfield>
    <subfield code="2">lcc</subfield>
    <subfield code="4">0</subfield>
    <subfield code="7">0</subfield>
    <subfield code="a">INV-033</subfield>
    <subfield code="b">INV-033</subfield>
    <subfield code="c">GENERAL</subfield>
    <subfield code="d">2017-05-04</subfield>
    <subfield code="f">1a ed.</subfield>
    <subfield code="i">H</subfield>
    <subfield code="k">CSA</subfield>
    <subfield code="o">F1220 E85 1982 V. 31</subfield>
    <subfield code="p">IIH000017388</subfield>
    <subfield code="r">2017-05-04 00:00:00</subfield>
    <subfield code="t">C:1</subfield>
    <subfield code="y">LIB</subfield>
  </datafield>
  <datafield tag="952" ind1=" " ind2=" ">
    <subfield code="1">0</subfield>
    <subfield code="2">lcc</subfield>
    <subfield code="4">0</subfield>
    <subfield code="7">0</subfield>
    <subfield code="a">INV-033</subfield>
    <subfield code="b">INV-033</subfield>
    <subfield code="c">GENERAL</subfield>
    <subfield code="d">2017-05-04</subfield>
    <subfield code="f">1a ed.</subfield>
    <subfield code="i">H</subfield>
    <subfield code="k">CSA</subfield>
    <subfield code="o">F1220 E85 1982 V. 32</subfield>
    <subfield code="p">IIH000017389</subfield>
    <subfield code="r">2017-05-04 00:00:00</subfield>
    <subfield code="t">C:1</subfield>
    <subfield code="y">LIB</subfield>
  </datafield>
  <datafield tag="952" ind1=" " ind2=" ">
    <subfield code="1">0</subfield>
    <subfield code="2">lcc</subfield>
    <subfield code="4">0</subfield>
    <subfield code="7">0</subfield>
    <subfield code="a">INV-033</subfield>
    <subfield code="b">INV-033</subfield>
    <subfield code="c">GENERAL</subfield>
    <subfield code="d">2017-05-04</subfield>
    <subfield code="f">1a ed.</subfield>
    <subfield code="i">H</subfield>
    <subfield code="k">CSA</subfield>
    <subfield code="o">F1220 E85 1982 V. 33</subfield>
    <subfield code="p">IIH000017390</subfield>
    <subfield code="r">2017-05-04 00:00:00</subfield>
    <subfield code="t">C:1</subfield>
    <subfield code="y">LIB</subfield>
  </datafield>
  <datafield tag="952" ind1=" " ind2=" ">
    <subfield code="1">0</subfield>
    <subfield code="2">lcc</subfield>
    <subfield code="4">0</subfield>
    <subfield code="7">0</subfield>
    <subfield code="a">INV-033</subfield>
    <subfield code="b">INV-033</subfield>
    <subfield code="c">GENERAL</subfield>
    <subfield code="d">2017-05-04</subfield>
    <subfield code="f">1a ed.</subfield>
    <subfield code="i">H</subfield>
    <subfield code="k">CSA</subfield>
    <subfield code="o">F1220 E85 1982 V. 35</subfield>
    <subfield code="p">IIH000017391</subfield>
    <subfield code="r">2017-05-04 00:00:00</subfield>
    <subfield code="t">C:1</subfield>
    <subfield code="y">LIB</subfield>
  </datafield>
  <datafield tag="952" ind1=" " ind2=" ">
    <subfield code="1">0</subfield>
    <subfield code="2">lcc</subfield>
    <subfield code="4">0</subfield>
    <subfield code="7">0</subfield>
    <subfield code="a">INV-033</subfield>
    <subfield code="b">INV-033</subfield>
    <subfield code="c">GENERAL</subfield>
    <subfield code="d">2017-05-04</subfield>
    <subfield code="f">1a ed.</subfield>
    <subfield code="i">H</subfield>
    <subfield code="k">CSA</subfield>
    <subfield code="o">F1220 E85 1982 V. 36</subfield>
    <subfield code="p">IIH000017392</subfield>
    <subfield code="r">2017-05-04 00:00:00</subfield>
    <subfield code="t">C:1</subfield>
    <subfield code="y">LIB</subfield>
  </datafield>
  <datafield tag="952" ind1=" " ind2=" ">
    <subfield code="1">0</subfield>
    <subfield code="2">lcc</subfield>
    <subfield code="4">0</subfield>
    <subfield code="7">0</subfield>
    <subfield code="a">INV-033</subfield>
    <subfield code="b">INV-033</subfield>
    <subfield code="c">GENERAL</subfield>
    <subfield code="d">2017-05-04</subfield>
    <subfield code="f">1a ed.</subfield>
    <subfield code="i">H</subfield>
    <subfield code="k">CSA</subfield>
    <subfield code="o">F1220 E85 1982 V. 37</subfield>
    <subfield code="p">IIH000017393</subfield>
    <subfield code="r">2017-05-04 00:00:00</subfield>
    <subfield code="t">C:1</subfield>
    <subfield code="y">LIB</subfield>
  </datafield>
  <datafield tag="952" ind1=" " ind2=" ">
    <subfield code="1">0</subfield>
    <subfield code="2">lcc</subfield>
    <subfield code="4">0</subfield>
    <subfield code="7">0</subfield>
    <subfield code="a">INV-033</subfield>
    <subfield code="b">INV-033</subfield>
    <subfield code="c">GENERAL</subfield>
    <subfield code="d">2017-05-04</subfield>
    <subfield code="f">1a ed.</subfield>
    <subfield code="i">H</subfield>
    <subfield code="k">CSA</subfield>
    <subfield code="o">F1220 E85 1982 V. 38</subfield>
    <subfield code="p">IIH000017394</subfield>
    <subfield code="r">2017-05-04 00:00:00</subfield>
    <subfield code="t">C:1</subfield>
    <subfield code="y">LIB</subfield>
  </datafield>
  <datafield tag="952" ind1=" " ind2=" ">
    <subfield code="1">0</subfield>
    <subfield code="2">lcc</subfield>
    <subfield code="4">0</subfield>
    <subfield code="7">0</subfield>
    <subfield code="a">INV-033</subfield>
    <subfield code="b">INV-033</subfield>
    <subfield code="c">GENERAL</subfield>
    <subfield code="d">2017-05-04</subfield>
    <subfield code="f">1a ed.</subfield>
    <subfield code="i">H</subfield>
    <subfield code="k">CSA</subfield>
    <subfield code="o">F1220 E85 1982 V. 39</subfield>
    <subfield code="p">IIH000017395</subfield>
    <subfield code="r">2017-05-04 00:00:00</subfield>
    <subfield code="t">C:1</subfield>
    <subfield code="y">LIB</subfield>
  </datafield>
  <datafield tag="952" ind1=" " ind2=" ">
    <subfield code="1">0</subfield>
    <subfield code="2">lcc</subfield>
    <subfield code="4">0</subfield>
    <subfield code="7">0</subfield>
    <subfield code="a">INV-033</subfield>
    <subfield code="b">INV-033</subfield>
    <subfield code="c">GENERAL</subfield>
    <subfield code="d">2017-05-04</subfield>
    <subfield code="f">1a ed.</subfield>
    <subfield code="i">H</subfield>
    <subfield code="k">CSA</subfield>
    <subfield code="o">F1220 E85 1982 V. 40</subfield>
    <subfield code="p">IIH000017396</subfield>
    <subfield code="r">2017-05-04 00:00:00</subfield>
    <subfield code="t">C:1</subfield>
    <subfield code="y">LIB</subfield>
  </datafield>
  <datafield tag="952" ind1=" " ind2=" ">
    <subfield code="1">0</subfield>
    <subfield code="2">lcc</subfield>
    <subfield code="4">0</subfield>
    <subfield code="7">0</subfield>
    <subfield code="a">INV-033</subfield>
    <subfield code="b">INV-033</subfield>
    <subfield code="c">GENERAL</subfield>
    <subfield code="d">2017-05-04</subfield>
    <subfield code="f">1a ed.</subfield>
    <subfield code="i">H</subfield>
    <subfield code="k">CSA</subfield>
    <subfield code="o">F1220 E85 1982 V. 44</subfield>
    <subfield code="p">IIH000017397</subfield>
    <subfield code="r">2017-05-04 00:00:00</subfield>
    <subfield code="t">C:1</subfield>
    <subfield code="y">LIB</subfield>
  </datafield>
  <datafield tag="952" ind1=" " ind2=" ">
    <subfield code="1">0</subfield>
    <subfield code="2">lcc</subfield>
    <subfield code="4">0</subfield>
    <subfield code="7">0</subfield>
    <subfield code="a">INV-033</subfield>
    <subfield code="b">INV-033</subfield>
    <subfield code="c">GENERAL</subfield>
    <subfield code="d">2017-05-04</subfield>
    <subfield code="f">1a ed.</subfield>
    <subfield code="i">H</subfield>
    <subfield code="k">CSA</subfield>
    <subfield code="o">F1220 E85 1982 V. 45</subfield>
    <subfield code="p">IIH000017398</subfield>
    <subfield code="r">2017-05-04 00:00:00</subfield>
    <subfield code="t">C:1</subfield>
    <subfield code="y">LIB</subfield>
  </datafield>
  <datafield tag="952" ind1=" " ind2=" ">
    <subfield code="1">0</subfield>
    <subfield code="2">lcc</subfield>
    <subfield code="4">0</subfield>
    <subfield code="7">0</subfield>
    <subfield code="a">INV-033</subfield>
    <subfield code="b">INV-033</subfield>
    <subfield code="c">GENERAL</subfield>
    <subfield code="d">2017-05-04</subfield>
    <subfield code="f">1a ed.</subfield>
    <subfield code="i">H</subfield>
    <subfield code="k">CSA</subfield>
    <subfield code="o">F1220 E85 1982 V.46</subfield>
    <subfield code="p">IIH000017399</subfield>
    <subfield code="r">2017-05-04 00:00:00</subfield>
    <subfield code="t">C:1</subfield>
    <subfield code="y">LIB</subfield>
  </datafield>
  <datafield tag="952" ind1=" " ind2=" ">
    <subfield code="1">0</subfield>
    <subfield code="2">lcc</subfield>
    <subfield code="4">0</subfield>
    <subfield code="7">0</subfield>
    <subfield code="a">INV-033</subfield>
    <subfield code="b">INV-033</subfield>
    <subfield code="c">GENERAL</subfield>
    <subfield code="d">2017-05-04</subfield>
    <subfield code="f">1a ed.</subfield>
    <subfield code="i">H</subfield>
    <subfield code="k">CSA</subfield>
    <subfield code="o">F1220 E85 1982 V. 47</subfield>
    <subfield code="p">IIH000017400</subfield>
    <subfield code="r">2017-05-04 00:00:00</subfield>
    <subfield code="t">C:1</subfield>
    <subfield code="y">LIB</subfield>
  </datafield>
  <datafield tag="952" ind1=" " ind2=" ">
    <subfield code="1">0</subfield>
    <subfield code="2">lcc</subfield>
    <subfield code="4">0</subfield>
    <subfield code="7">0</subfield>
    <subfield code="a">INV-033</subfield>
    <subfield code="b">INV-033</subfield>
    <subfield code="c">GENERAL</subfield>
    <subfield code="d">2017-05-04</subfield>
    <subfield code="f">1a ed.</subfield>
    <subfield code="i">H</subfield>
    <subfield code="k">CSA</subfield>
    <subfield code="o">F1220 E85 1982 V. 48</subfield>
    <subfield code="p">IIH000015338</subfield>
    <subfield code="r">2017-05-04 00:00:00</subfield>
    <subfield code="t">C:1</subfield>
    <subfield code="y">LIB</subfield>
  </datafield>
  <datafield tag="952" ind1=" " ind2=" ">
    <subfield code="1">0</subfield>
    <subfield code="2">lcc</subfield>
    <subfield code="4">0</subfield>
    <subfield code="7">0</subfield>
    <subfield code="a">INV-033</subfield>
    <subfield code="b">INV-033</subfield>
    <subfield code="c">GENERAL</subfield>
    <subfield code="d">2017-05-04</subfield>
    <subfield code="f">1a ed.</subfield>
    <subfield code="i">H</subfield>
    <subfield code="k">CSA</subfield>
    <subfield code="o">F1220 E85 1982 V. 49</subfield>
    <subfield code="p">IIH000015339</subfield>
    <subfield code="r">2017-05-04 00:00:00</subfield>
    <subfield code="t">C:1</subfield>
    <subfield code="y">LIB</subfield>
  </datafield>
  <datafield tag="952" ind1=" " ind2=" ">
    <subfield code="1">0</subfield>
    <subfield code="2">lcc</subfield>
    <subfield code="4">0</subfield>
    <subfield code="7">0</subfield>
    <subfield code="a">INV-033</subfield>
    <subfield code="b">INV-033</subfield>
    <subfield code="c">GENERAL</subfield>
    <subfield code="d">2017-05-04</subfield>
    <subfield code="f">1a ed.</subfield>
    <subfield code="i">H</subfield>
    <subfield code="k">CSA</subfield>
    <subfield code="o">F1220 E85 1982 V. 50</subfield>
    <subfield code="p">IIH000015340</subfield>
    <subfield code="r">2017-05-04 00:00:00</subfield>
    <subfield code="t">C:1</subfield>
    <subfield code="y">LIB</subfield>
  </datafield>
  <datafield tag="952" ind1=" " ind2=" ">
    <subfield code="1">0</subfield>
    <subfield code="2">lcc</subfield>
    <subfield code="4">0</subfield>
    <subfield code="7">0</subfield>
    <subfield code="a">INV-033</subfield>
    <subfield code="b">INV-033</subfield>
    <subfield code="c">GENERAL</subfield>
    <subfield code="d">2017-05-04</subfield>
    <subfield code="f">1a ed.</subfield>
    <subfield code="i">H</subfield>
    <subfield code="k">CSA</subfield>
    <subfield code="o">F1220 E85 1982 V. 51</subfield>
    <subfield code="p">IIH000015341</subfield>
    <subfield code="r">2017-05-04 00:00:00</subfield>
    <subfield code="t">C:1</subfield>
    <subfield code="y">LIB</subfield>
  </datafield>
  <datafield tag="952" ind1=" " ind2=" ">
    <subfield code="1">0</subfield>
    <subfield code="2">lcc</subfield>
    <subfield code="4">0</subfield>
    <subfield code="7">0</subfield>
    <subfield code="a">INV-033</subfield>
    <subfield code="b">INV-033</subfield>
    <subfield code="c">GENERAL</subfield>
    <subfield code="d">2017-05-04</subfield>
    <subfield code="f">1a ed.</subfield>
    <subfield code="i">H</subfield>
    <subfield code="k">CSA</subfield>
    <subfield code="o">F1220 E85 1982 V. 53</subfield>
    <subfield code="p">IIH000015342</subfield>
    <subfield code="r">2017-05-04 00:00:00</subfield>
    <subfield code="t">C:1</subfield>
    <subfield code="y">LIB</subfield>
  </datafield>
  <datafield tag="952" ind1=" " ind2=" ">
    <subfield code="1">0</subfield>
    <subfield code="2">lcc</subfield>
    <subfield code="4">0</subfield>
    <subfield code="7">0</subfield>
    <subfield code="a">INV-033</subfield>
    <subfield code="b">INV-033</subfield>
    <subfield code="c">GENERAL</subfield>
    <subfield code="d">2017-05-04</subfield>
    <subfield code="f">1a ed.</subfield>
    <subfield code="i">H</subfield>
    <subfield code="k">CSA</subfield>
    <subfield code="o">F1220 E85 1982 V. 54</subfield>
    <subfield code="p">IIH000015343</subfield>
    <subfield code="r">2017-05-04 00:00:00</subfield>
    <subfield code="t">C:1</subfield>
    <subfield code="y">LIB</subfield>
  </datafield>
  <datafield tag="952" ind1=" " ind2=" ">
    <subfield code="1">0</subfield>
    <subfield code="2">lcc</subfield>
    <subfield code="4">0</subfield>
    <subfield code="7">0</subfield>
    <subfield code="a">INV-033</subfield>
    <subfield code="b">INV-033</subfield>
    <subfield code="c">GENERAL</subfield>
    <subfield code="d">2017-05-04</subfield>
    <subfield code="f">1a ed.</subfield>
    <subfield code="i">H</subfield>
    <subfield code="k">CSA</subfield>
    <subfield code="o">F1220 E85 1982 V. 55</subfield>
    <subfield code="p">IIH000017574</subfield>
    <subfield code="r">2017-05-04 00:00:00</subfield>
    <subfield code="t">C:1</subfield>
    <subfield code="y">LIB</subfield>
  </datafield>
  <datafield tag="952" ind1=" " ind2=" ">
    <subfield code="1">0</subfield>
    <subfield code="2">lcc</subfield>
    <subfield code="4">0</subfield>
    <subfield code="7">0</subfield>
    <subfield code="a">INV-033</subfield>
    <subfield code="b">INV-033</subfield>
    <subfield code="c">GENERAL</subfield>
    <subfield code="d">2017-05-04</subfield>
    <subfield code="f">1a ed.</subfield>
    <subfield code="i">H</subfield>
    <subfield code="k">CSA</subfield>
    <subfield code="o">F1220 E85 1982 V. 24</subfield>
    <subfield code="p">IIH000010766</subfield>
    <subfield code="r">2018-01-25 00:00:00</subfield>
    <subfield code="t">C:2</subfield>
    <subfield code="y">LIB</subfield>
  </datafield>
  <datafield tag="952" ind1=" " ind2=" ">
    <subfield code="1">0</subfield>
    <subfield code="2">lcc</subfield>
    <subfield code="4">0</subfield>
    <subfield code="7">0</subfield>
    <subfield code="a">INV-033</subfield>
    <subfield code="b">INV-033</subfield>
    <subfield code="c">GENERAL</subfield>
    <subfield code="d">2017-05-04</subfield>
    <subfield code="f">1a ed.</subfield>
    <subfield code="i">H</subfield>
    <subfield code="k">CSA</subfield>
    <subfield code="o">F1220 E85 1982 V. 26</subfield>
    <subfield code="p">IIH000012107</subfield>
    <subfield code="r">2018-01-25 00:00:00</subfield>
    <subfield code="t">C:2</subfield>
    <subfield code="y">LIB</subfield>
  </datafield>
</record>
